N. American Pro Sports Teams Named After Animals by Picture - Statistics

General Stats
  • This quiz has been taken 76 times
  • The average score is 31 of 37
Answer Stats
League Image Answer % Correct
NFL Chicago Bears
97%
NFL Detroit Lions
97%
NFL Philadelphia Eagles
97%
NFL Carolina Panthers
95%
MLB Detroit Tigers
95%
NHL Florida Panthers
95%
NHL San Jose Sharks
95%
NFL red bird Arizona Cardinals
94%
NFL Miami Dolphins
94%
NHL Pittsburgh Penguins
94%
MLB red bird St. Louis Cardinals
94%
NBA Memphis Grizzlies
91%
NHL Anaheim Ducks
89%
NBA Atlanta Hawks
89%
NBA big white bird w/ long beak New Orleans Pelicans
89%
NBA Charlotte Hornets
88%
NBA Chicago Bulls
88%
MLB Tampa Bay Rays
88%
NFL Jacksonville Jaguars
86%
NFL Los Angeles Rams
86%
NBA Toronto Raptors
86%
NFL Atlanta Falcons
85%
NFL Denver Broncos
85%
MLB blue & white bird Toronto Blue Jays
85%
NFL black bird Baltimore Ravens
83%
NBA Milwaukee Bucks
82%
MLB Chicago Cubs
80%
NHL Arizona Coyotes
79%
NFL Cincinnati Bengals
79%
MLB fish w/ pointy nose Miami Marlins
79%
NBA Minnesota Timberwolves
76%
NFL Seattle Seahawks
74%
MLB Arizona Diamondbacks
71%
MLB black & orange bird Baltimore Orioles
70%
NFL Indianapolis Colts
68%
NHL Boston Bruins
52%
NBA Dallas Mavericks
47%
No matching quizzes found
Score Distribution
Percent of People with Each Score
Percentile by Number Answered
Your Score History
You have not taken this quiz